Guess the 1960s song lyrics #247 - Statistics

General Stats
  • This quiz has been taken 19 times
  • The average score is 234 of 308
Answer Stats
Answer % Correct
I
100%
a
94%
and
88%
Come
88%
come
88%
on
88%
so
88%
you
88%
You
88%
baby
81%
it
81%
know
81%
me
81%
that
81%
fine
75%
look
75%
now
75%
Oh
75%
shout
75%
Twist
75%
twist
75%
up
75%
would
75%
Yeah
75%
you're
75%
girl
69%
goin
69%
good
69%
Just
69%
knew
69%
little
69%
out
69%
Shake
69%
shake
69%
Ahh
63%
closer
63%
got
63%
like
63%
mine
63%
work
63%
Work
63%
Well
56%
show
44%
Isley Brothers
38%
honey
31%
Woo
31%
listen
6%
Listen
6%
certainly
0%
Child
0%
No matching quizzes found
Score Distribution
Percent of People with Each Score
Percentile by Number Answered
Your Score History
You have not taken this quiz